000 00562nam a2200181 4500
001 139169
003 ES-MaACL
007 t|
008 070214s1975 sp r ||||1| spa d
100 1 _aScalpino, Robert A.
_9104132
245 1 3 _aEl movimiento anarquista en China /
_cRobert A. Scalpino y George T. Yu ; [traducción de Marcelo Covian].
260 _aBarcelona :
_bTusquets,
_c1975.
300 _a125 p. ;
_c18 cm.
700 1 _aYu, George T.
_9117723
700 1 _aCovian, Marcelo.
_9180854
852 _aES-MaACL
_jE-7921
_bR.92257
999 _c139169
_d139169